000 00449nam a2200169Ia 4500
003 GCL
008 140319s9999 xx 000 0 eng d
040 _aGCL /
_cGCL
082 0 4 _a748.5
_bS O
100 1 _aSTETTLER, MICHAEL
245 1 0 _aOLD STAINED GLASS IN SWITZERLAND /
_cSTETTLER, MICHAEL
260 _a[S.N] :
_bSWISS NATIONAL TOURIST OFFICE ،
_c1953
650 0 4 _aARTS
650 0 4 _aART, SWISS
650 0 4 _aGLASS, ART
942 _2ddc
_cBK
999 _c19723
_d19723